|
|
|
|
| LEADER |
02526nam a2200709 i 4500 |
| 001 |
nkc20213315163 |
| 003 |
CZ PrNK |
| 005 |
20210809090222.0 |
| 007 |
ta |
| 008 |
210401s2021 xr e f 000 0 cze |
| 015 |
|
|
|a cnb003315163
|
| 020 |
|
|
|a 978-80-7601-426-8
|q (vázáno) :
|c Kč 299,00
|
| 035 |
|
|
|a (OCoLC)1263261390
|
| 040 |
|
|
|a BOA001
|b cze
|e rda
|
| 041 |
1 |
|
|a cze
|h eng
|
| 072 |
|
7 |
|a 17
|x Etika. Morální filozofie
|2 Konspekt
|9 5
|
| 080 |
|
|
|a 17
|2 MRF
|
| 080 |
|
|
|a 159.942
|2 MRF
|
| 080 |
|
|
|a 177.74
|2 MRF
|
| 080 |
|
|
|a 2-423.7
|2 MRF
|
| 080 |
|
|
|a 17.023.34
|2 MRF
|
| 080 |
|
|
|a 24-1/-9
|2 MRF
|
| 080 |
|
|
|a 243.4
|2 MRF
|
| 080 |
|
|
|a 24
|2 MRF
|
| 080 |
|
|
|a (0.062)
|2 MRF
|
| 080 |
|
|
|a (0:82-4)
|2 MRF
|
| 100 |
0 |
|
|a Bstan-'dzin-rgya-mtsho,
|c dalajlama
|b XIV.,
|d 1935-
|7 jn19981000345
|4 aut
|
| 240 |
1 |
0 |
|a Beyond religion.
|l Česky
|7 aun20211114957
|
| 245 |
1 |
0 |
|a Etika pro dnešní svět /
|c Dalajlama ; z anglického originálu Beyond religion ... přeložil Filip Outrata
|
| 250 |
|
|
|a Vydání první
|
| 264 |
|
1 |
|a V Praze :
|b Vyšehrad,
|c 2021
|
| 300 |
|
|
|a 170 stran ;
|c 21 cm
|
| 336 |
|
|
|a text
|b txt
|2 rdacontent
|
| 337 |
|
|
|a bez média
|b n
|2 rdamedia
|
| 338 |
|
|
|a svazek
|b nc
|2 rdacarrier
|
| 650 |
0 |
7 |
|a etika
|7 ph114488
|2 czenas
|
| 650 |
0 |
7 |
|a etika
|7 ph114488
|x buddhistické pojetí
|2 czenas
|
| 650 |
0 |
7 |
|a emoce
|7 ph114465
|x buddhistické pojetí
|2 czenas
|
| 650 |
0 |
7 |
|a soucit
|7 ph119696
|x buddhistické pojetí
|2 czenas
|
| 650 |
0 |
7 |
|a dobro
|7 ph119521
|x buddhistické pojetí
|2 czenas
|
| 650 |
0 |
7 |
|a štěstí
|7 ph127882
|x buddhistické pojetí
|2 czenas
|
| 650 |
0 |
7 |
|a učení buddhismu
|7 ph162902
|2 czenas
|
| 650 |
0 |
7 |
|a tibetský buddhismus
|7 ph116452
|2 czenas
|
| 650 |
0 |
9 |
|a ethics
|2 eczenas
|
| 650 |
0 |
9 |
|a ethics
|x Buddhist approach
|2 eczenas
|
| 650 |
0 |
9 |
|a emotions
|x Buddhist approach
|2 eczenas
|
| 650 |
0 |
9 |
|a compassion
|x Buddhist approach
|2 eczenas
|
| 650 |
0 |
9 |
|a good
|x Buddhist approach
|2 eczenas
|
| 650 |
0 |
9 |
|a happiness
|x Buddhist approach
|2 eczenas
|
| 650 |
0 |
9 |
|a Buddhist doctrine
|2 eczenas
|
| 650 |
0 |
9 |
|a Tibetan Buddhism
|2 eczenas
|
| 655 |
|
7 |
|a populárně-naučné publikace
|7 fd131864
|2 czenas
|
| 655 |
|
7 |
|a úvahy
|7 fd134000
|2 czenas
|
| 655 |
|
9 |
|a popular works
|2 eczenas
|
| 655 |
|
9 |
|a essays
|2 eczenas
|
| 700 |
1 |
|
|a Outrata, Filip,
|d 1975-
|7 uk2005277625
|4 trl
|
| 910 |
2 |
|
|a BOA001
|b 2-1461.999
|
| 928 |
9 |
|
|a Albatros Media - Vyšehrad
|
| 990 |
|
|
|a BK
|
| 995 |
|
|
|a 01
|
| 991 |
|
|
|b 202106
|c NOV
|
| 996 |
6 |
|
|b 2610865321
|c 2-1461.999
|l MZK
|r Sklad / do 1 hodiny
|n 1
|p p.v.
|w 001851777
|u 000010
|a 1
|e BOA001
|j MZK50
|s P
|